<?xml version="1.0" encoding="UTF-8"?>
<collection xmlns="http://www.loc.gov/MARC21/slim">
  <record>
    <leader>00000nam  2200000   4500</leader>
    <controlfield tag="001">INLIS000000000020752</controlfield>
    <controlfield tag="005">20250805094554</controlfield>
    <datafield tag="035" ind1="#" ind2="#">
      <subfield code="a">0010-0825000030</subfield>
    </datafield>
    <controlfield tag="007">ta</controlfield>
    <controlfield tag="008">250805################|##########|#|##</controlfield>
    <datafield tag="084" ind1="#" ind2="#">
      <subfield code="a">R 0023 PKP 2024</subfield>
    </datafield>
    <datafield tag="100" ind1=" " ind2="#">
      <subfield code="a">Rahmawati</subfield>
    </datafield>
    <datafield tag="245" ind1="1" ind2="#">
      <subfield code="a">Optimalisasi Administrasi Persuratan Dalam Meningkatkan Mutu Layanan Melalui Digitalisasi Data Persuratan /</subfield>
      <subfield code="c">Rahmawati</subfield>
    </datafield>
    <datafield tag="260" ind1="#" ind2="#">
      <subfield code="a">Jakarta :</subfield>
      <subfield code="b">Pusbangkom Pimnas dan Manajerial ASN,</subfield>
      <subfield code="c">2024</subfield>
    </datafield>
    <datafield tag="300" ind1="#" ind2="#">
      <subfield code="a">40 hlm. ;</subfield>
      <subfield code="c">30 cm</subfield>
    </datafield>
    <datafield tag="650" ind1="#" ind2="4">
      <subfield code="a">Digitalisasi Persuratan</subfield>
    </datafield>
    <datafield tag="520" ind1="#" ind2="#">
      <subfield code="a">Tujuan aksi perubahan ini adalah untuk meningkatkan pelayanan publik dalam rangka menunjang administrasi proses pencatatan surat masuk dan keluar dan surat pengaduan stakeholder yang selama ini penerimaan administrasi surat hanya dicatat secara manual menjadi sistem digital agar mempermudah administrasi dan arsip surat yang ada pada kantor Kombas HAM perwakilan Sumbar</subfield>
    </datafield>
    <datafield tag="990" ind1="#" ind2="#">
      <subfield code="a">2024/1.2.4/A/0023</subfield>
    </datafield>
  </record>
</collection>
